MARC details
| 000 -CABECERA |
| campo de control de longitud fija |
03002nab a2200289 a 4500 |
| 005 - FECHA Y HORA DE LA ÚLTIMA TRANSACCIÓN |
| campo de control |
20240530063747.0 |
| 008 - ELEMENTOS DE LONGITUD FIJA--INFORMACIÓN GENERAL |
| campo de control de longitud fija |
991125c2018 sp fr p o 000 0 spa d |
| 035 ## - NÚMERO DE CONTROL DEL SISTEMA |
| Número de control de sistema |
UPN01000226510 |
| 040 ## - FUENTE DE LA CATALOGACIÓN |
| Centro catalogador/agencia de origen |
UPN |
| Lengua de catalogación |
spa |
| Centro/agencia transcriptor |
UPN |
| Normas de descripción |
aacr2 |
| 049 ## - COLECCIÓN |
| Colección |
ART-E |
| 100 1# - ASIENTO PRINCIPAL--NOMBRE PERSONAL |
| Nombre de persona |
Tuero Herrero, Ellián |
| Enlace |
- tueroellianuniovi.es |
| 100 1# - ASIENTO PRINCIPAL--NOMBRE PERSONAL |
| Nombre de persona |
Cervero Fernández-Castañón, Antonio |
| 100 1# - ASIENTO PRINCIPAL--NOMBRE PERSONAL |
| Nombre de persona |
Esteban García, María |
| 100 1# - ASIENTO PRINCIPAL--NOMBRE PERSONAL |
| Nombre de persona |
Bernardo Gutiérrez, Ana Belén |
| 245 10 - MENCIÓN DE TÍTULO |
| Título |
¿Por qué abandonan los alumnos universitarios? Variables de influencia en el planteamineto y consolifdación del abandono |
| Medio |
[recurso electrónico en línea] |
| 506 0# - NOTA DE RESTRICCIONES AL ACCESO |
| Limitaciones de acceso |
Acceso abierto |
| 520 3# - NOTA DE RESUMEN, ETC. |
| Sumario, etc. |
Introducción. Actualmente entre los aspectos que más interés suscitan en el ámbito educativo se encuentra conocer las causas que llevan al alumnado a abandonar sus estudios universitarios. El fin común no es otro que tratar de desarrollar medidas preventivas para corregir tal proceso. Sin embargo, pese a los trabajos existentes sobre ello, son escasos los estudios nacionales que han tratado de determinar las variables que mayores correlaciones presentan con el planteamiento de abandono y los procesos decisorios de su consolidación posterior. Con el objetivo de arrojar más luz sobre esto, se ha estudiado en profundidad el caso de los alumnos de una universidad del norte de España. Método. Para ello se desarrolló una investigación ex-post-facto de estudio descriptivo e inferencial. La muestra estuvo conformada por 1.055 estudiantes, pertenecientes a distintas áreas de conocimiento, que comenzaron sus carreras en el curso 2010/2011 en dicha universidad. Para la recogida de datos fue elaborado un cuestionario ad hoc con 36 ítem. Resultados. Los análisis de la cohorte de nuevo ingreso refieren que un porcentaje alto del alumnado de la muestra (31.5%) se ha planteado abandonar la carrera universitaria, consolidando su idea más de la mitad de los alumnos de dicha muestra (17.0%). Los resultados de este estudio también permiten dar respuesta al objetivo principal. Así, se destacan como las variables más relevantes en el planteamiento y consolidación del abandono, respectivamente y en orden de importancia: el rendimiento temprano del alumno, su tiempo de trabajo no académico (doméstico y/o remunerado), la vinculación mantenida con los docentes, las expectativas generadas sobre los contenidos, el uso de técnicas de estudio y la orientación recibida. Discusión. Estos resultados son congruentes con los obtenidos en estudios previos y hacen patente la necesidad de llevar a cabo una act... |
| 650 #4 - ASIENTO SECUNDARIO DE MATERIA - TERMINO TEMATICO |
| 9 (RLIN) |
6083 |
| Término de materia o nombre geográfico como elemento de entrada |
Deserción escolar |
| 650 #4 - ASIENTO SECUNDARIO DE MATERIA - TERMINO TEMATICO |
| Término de materia o nombre geográfico como elemento de entrada |
Educación superior |
| 9 (RLIN) |
32 |
| 650 #0 - ASIENTO SECUNDARIO DE MATERIA - TERMINO TEMATICO |
| 9 (RLIN) |
9298 |
| Término de materia o nombre geográfico como elemento de entrada |
Estudiantes universitarios |
| 653 0# - TERMINO DE INDIZACION - NO CONTROLADO |
| Término no controlado |
Permanencia escolar |
| 773 ## - ENLACE AL DOCUMENTO FUENTE/ENTRADA DE REGISTRO ANFITRIÓN |
| Parte(s) relacionada(s) |
Vol. 21, no. 2 (2018), p. 131-154 |
| Título |
Educación xxi |
| Número Internacional Normalizado para Publicaciones Seriadas |
1139-613X |
| 856 4# - LOCALIZACIÓN Y ACCESO ELECTRÓNICOS |
| Identificador Uniforme del Recurso |
<a href="https://revistas.uned.es/index.php/educacionXX1/article/view/20066">https://revistas.uned.es/index.php/educacionXX1/article/view/20066</a> |
| 856 4# - LOCALIZACIÓN Y ACCESO ELECTRÓNICOS |
| Identificador Uniforme del Recurso |
<a href="10.5944/educXX1.20066">10.5944/educXX1.20066</a> |
| 905 ## - TIPO DE MATERIAL |
| Tipo de material |
Articulo |
| 942 ## - ELEMENTOS DE PUNTO DE ACCESO ADICIONAL (KOHA) |
| Tipo de ítem Koha |
Artículo Electrónico |